1350 1209 1431 1723 1988 1636 1859 1984 1617 1189 1102 1832 1770 1154 1916 1773 1091 1579 1922 1096 1824 1559 1278 1784 1195 1723 1736 1353 1718 1585 1361 1899 1339 1977 1780 1170 1806 1285 1271 1979 1042 1766 1256 1284 1626 1607 1226 1440 1984 1826 1489 1366 1725 1378 1720 1464 1057 1540 1349 1287 1693 1963 1400 1484 1819 1147 1306 1602 1163 1027 1336 1645 1723 1708 1008 1046 1890 1620 1411 1673 1414 1537 1333 1751 1119 1379 1271 1849 1209 1064 1551 1919 1120 1730 1644 1762 1223 1778 1438 BCNSPRNW ULIB Ver.6.0+V

เปลี่ยนเป็นภาษาไทย

Change to English
 แสดงรายละเอียดบรรณานุกรม
  กลับหน้าหลัก

Brief Record : Get Marc (ISO 2709) : E-mail record : QR code < ปิดหน้าต่าง
LEADER : 00000nam 2200000uu 4500
001    13399127737
003     ULIB
008    210513s2556||||th 000 0 tha d
020    ู^a9786162993350
050    ^aนว^bช799จ^cล.7
100    ^aโชอู
245    ^aจอมกระบี่เทพสังหาร เล่ม 7
250    ^aพิมพ์ครั้งที่ 1
260    ^aกรุงเทพฯ :^bสยามอินเตอร์บุ๊คส์,^c2556
300    ^a219 หน้า;^b21 ซม.
650    ^aนวนิยาย
945    ^p220^l0^i008048
999    ^aประนอม เกษจรัล
รายการนี้ยังไม่มีแท็ก
คุณยังไม่ได้ล็อกอิน คุณสามารถมีกิจกรรมร่วมกับเว็บไซต์ได้ แต่ต้องล็อกอินก่อน ::
  ล็อกอิน

รายการสื่อสารสนเทศ

ลำดับที่ ประเภท เลขเรียก/บาร์โค้ด สถานที่ สถานะ
1. นวนิยาย
นวนิยาย
นว ช799จ ล.7 ฉ.1 
  Barcode: 008048
ห้องสมุดวิทยาเขตสวรรค์ประชารักษ์
►หนังสือทั่วไป
บนชั้น

รายการใกล้เคียง
    ผู้แต่ง [โชอู]

    หัวเรื่อง [นวนิยาย]

BibComment


ยังไม่เคยถูกคอมเมนท์

คอมเมนท์ทรัพยากรรายการนี้
  คอมเมนท์: จอมกระบี่เทพสังห..


 Copyright 2026. Bcnsprnw @Library